Derry Girls Quotes - Statistics

General Stats
  • This quiz has been taken 371 times
  • The average score is 18 of 24
Answer Stats
Line Character % Correct
If anyone is feeling anxious, worried or maybe you just want a chat, please, please do not come crying to me. Sister Michael
93%
I'm a Derry girl! James
92%
Well I am not being an individual on me own. Claire
87%
I don't like it, okay! It's too greasy, it's much, much too greasy, even the smell of it makes me feel physically sick! James
87%
I don’t really believe in lesbians. Orla
87%
We could, we could sell our organs, or, and forgive me if this is a bit left-field, but could we not you know, get jobs? Claire
84%
Don't cry Erin, he's in a better place now, unless he's not, you know, cause unless he's gone to hell. Orla
84%
Don't say knickers in front of your father, he can't cope! Ma Mary
82%
I’ll find some dirt on you yet, boy; I have people working on it. Granda Joe
81%
I have locked my mother in a cage designed by her own art. Erin
79%
I just think you should be able to compliment a person's eyebrows without having her personality dragged into it. Aunt Sarah
77%
We got the gist. They ran out of spuds, everyone was raging. Michelle
77%
You’ve never even kissed a boy before. You practice on your pillow sometimes, but you don’t think that’s the same. Orla
77%
It wasn't bullying, it was attempted bullying. Erin
76%
A fitting rendition of what I consider to be the most godawful song ever written. Sister Michael
75%
The slightly taller fella, he says to me, says he, 'Do you know who we are? And I says to him, says I, 'Well I can't be sure now, maybe if you took off the balaclavas.' Uncle Colm
75%
You can’t ring Childline every time your mother threatens to kill you. Michelle
72%
Ok I'm not buzzing about the sexism, but the fact he wants to thump James is a wee bit exciting. Michelle
72%
My collarbone was sort of poking through my skin, and now I haven't got so much as a photograph to look back on. Aunt Sarah
67%
You say another bad word about Coronation Street and you may leave this house and never return! Ma Mary
67%
Relax, love, we've a good two or three hours before the rioting starts. Granda Joe
64%
Well I don’t know about the rest of you, but I’m not enjoying this bomb. Aunt Sarah
62%
I will be taking this class for the rest of the term, which makes me want to pull off my own face, but needs must. Sister Michael
62%
I'll never understand the point of you. Granda Joe
54%
No matching quizzes found
Score Distribution
Percent of People with Each Score
Percentile by Number Answered
Your Score History
You have not taken this quiz